00834nam a22002415a 450000500170000000800410001702000180005804000280007608200210010410000270012524500560015225000120020826000450022030000350026550000260030050400330032665000350035965100100039465300210040494200080042599900170043395201420045020160307115526.0160307s2012 ii a frb 001 0 eng d a9789381421345 aEG-ScBUEbengcEG-ScBUE04a635.968bJOS2221 aJoshi, Sumitra.93949110aAromatic and essential oil plants /cSumitra Joshi. a1st ed. aNew Delhi :bRandom Publications,c2012. aviii, 256 p. :bill. ;c23 cm. aIndex : p. [255]-256. aBibliography : p. [253]-254. 0aAromatic plants.2BUEsh939492 2BUEsh bPPhrmcMarch2016 2ddc c21328d21300 00102ddc40708ScientificaMAINbMAINc1STd2016-03-07ePurchaseg290.00h2l0o635.968 JOSp000031880r2025-07-15 00:00:00v365.00yBB